00365nam a2200145Ia 4500008004100000020001800041041000800059082001500067100001700082245002500099260002000124300003100144365001700175700002700192230718s9999 xx 000 0 und d a9780521764513 aeng a006.7bFRI aFriedland G. aMultimedia Computing c2014bCambridge a330dRef 1646 E ME (51625) cRs.b5033.00 aFriedland G. & Jain R.